| 000 | 00651nam a22002297a 4500 | ||
|---|---|---|---|
| 003 | 0 | ||
| 005 | 20240928104408.0 | ||
| 008 | 240928b xxu||||| |||| 00| 0 eng d | ||
| 020 | _a978-1-1529623819 | ||
| 050 |
_aHF 6146 _b.T88 2024 |
||
| 100 | _aTuten, Tracy L. | ||
| 245 |
_aSocial media marketing _cTuten, Tracy L. |
||
| 250 | _a5th ed. | ||
| 260 |
_aLondon _bSage _cC2024 |
||
| 300 |
_axv, 447p. : _bill. ; col. : _c25cm. : |
||
| 500 | _aInternet advertising. | ||
| 500 | _aInternet marketing. | ||
| 500 | _aOnline social networks. | ||
| 500 | _aSocial media. | ||
| 650 | _aIncludes bibliographical references & index. | ||
| 942 |
_2lcc _cBK |
||
| 999 |
_c366416 _d366416 |
||